| 000 | 00726nam a22002175i 4500 | ||
|---|---|---|---|
| 001 | 156482 | ||
| 003 | ES-MaACL | ||
| 005 | 20231112113907.0 | ||
| 008 | 150120s2013 sp |||| | spa d | ||
| 020 | _a978-84-616-6801-4 | ||
| 080 | _a929 Unamuno, Miguel de | ||
| 100 | 1 |
_aRemesal, Agustín. _996129 |
|
| 245 | 1 | 0 |
_aPor tierras de Portugal : _bun viaje con Unamuno / _cAgustín Remesal. |
| 260 |
_a[Zamora] : _bLa Raya Quebrada, _c[2013] |
||
| 300 |
_a396 p. : _bil. ; _c24 cm. |
||
| 600 | 1 | 7 |
_aUnamuno, Miguel de, _d1864-1936- _xViajes _9166353 |
| 651 | 4 |
_aPortugal- _xDescripción. _99251 |
|
| 852 |
_aES-MaACL _jA-13324 _9162244 _bR.150225 _cDEPO1 _dOlim: N-6324 |
||
| 942 |
_2udc _cMONOGRAFIA |
||
| 999 |
_c156482 _d156482 |
||